Función Ideológica del Centro en la Literatura del Caribe Francofono /
Zapisane w:
| 1. autor: | |
|---|---|
| Format: | Nieznany |
| Język: | Spanish |
| Hasła przedmiotowe: | |
| Etykiety: |
Dodaj etykietę
Nie ma etykietki, Dołącz pierwszą etykiete!
|
MARC
| LEADER | 000000000a22000000004500 | ||
|---|---|---|---|
| 001 | 004276 | ||
| 041 | 0 | |a spa | |
| 082 | 0 | 4 | |a 3814 |
| 100 | 1 | |a Boadas, Aura Marina | |
| 245 | 1 | 0 | |a Función Ideológica del Centro en la Literatura del Caribe Francofono / |c Aura Marina Boadas. |
| 650 | 4 | |a LITERATURA CARIBEÑA | |
| 650 | 4 | |a CUENTOS | |
| 773 | 0 | |t Núcleo : Revista de Idiomas modernos |g números 9-10 (1994-1996), páginas 27-35 | |
| 942 | |c ARC | ||
| 999 | |c 11331 |d 11331 | ||
